| 000 | 00698nam a2200265Ia 4500 | ||
|---|---|---|---|
| 005 | 20260121165933.0 | ||
| 008 | 008 260114s9999 xx 000 0 eng d | ||
| 020 | _a9783319586588 | ||
| 037 | _aEBOOK | ||
| 040 | _aCRL | ||
| 040 | _beng | ||
| 040 | _cCRL | ||
| 041 | _2eng | ||
| 041 | _aeng | ||
| 084 | _qCRL | ||
| 100 |
_aChad J. Penn, James M. Bowen _91057824 |
||
| 245 | 0 | _aDesign and Construction of Phosphorus Removal Structures for Improving Water Quality | |
| 260 | _bSpringer | ||
| 260 | _bSpringer | ||
| 260 | _c2018 | ||
| 856 | _uhttps://link.springer.com/openurl?genre=book&isbn=978-3-319-58658-8 | ||
| 942 | _cEBOOK | ||
| 999 |
_c1623553 _d1623553 |
||